Para crecer, no depender; uso y uso indebido de drogas /
Guardado en:
| Autor Principal: | |
|---|---|
| Formato: | Libro |
| Publicado: |
Argentina :
Troquel,
1990
|
| Materias: | |
| Etiquetas: |
Agregar Etiqueta
Sin Etiquetas, Sea el primero en etiquetar este registro!
|
| LEADER | 00712nam a22002175a 4500 | ||
|---|---|---|---|
| 001 | CEM.cems003398 | ||
| 005 | 19000101000000.0 | ||
| 008 | 130507s1990##################000#0#####d | ||
| 003 | CEMS | ||
| 082 | 0 | 4 | |a 616.86 |
| 100 | 1 | |a Imberti, Julieta | |
| 245 | 1 | 0 | |a Para crecer, no depender; uso y uso indebido de drogas / |c Julieta Imberti |
| 260 | |a Argentina : |b Troquel, |c 1990 | ||
| 300 | |a 62 p. | ||
| 505 | 0 | |a -...-Qué es la prevenci¢n?.-...-Suplemento informativo sobre algunas drogas.-Droga y Sida | |
| 653 | |a Adolescentes-drogas | ||
| 653 | |a Donacion c. basico | ||
| 653 | |a Droga y sida | ||
| 653 | |a Drogadiccion | ||
| 653 | |a Drogas-uso indebido | ||
| 859 | |a CEMS |b BIB. CEMS - 11 de abril |h 616.86 |i Im1 |p 15946.90 |t Ej.1 | ||
